| 000 | 00666cam a2200229 a 4500 | ||
|---|---|---|---|
| 001 | 000009619 | ||
| 005 | 20200929161638.0 | ||
| 008 | 760630s1975 ve 000 1 spa | ||
| 035 | _a(DLC) 76467488 | ||
| 040 |
_aDO-SdBNP _cDLC _dDLC |
||
| 082 |
_aV863.44 _bS875c |
||
| 100 | 1 |
_aStolk, Gloria, _d1912-1979. _924472 |
|
| 245 | 1 | 0 |
_aCuentos del Caribe / _cGloria Stolk. |
| 260 |
_aCaracas, (Venezuela) : _bMonte Ávila, _c[1975]. |
||
| 300 |
_a164 p. ; _c18 cm. |
||
| 490 | 1 | _aContinente | |
| 650 | 4 |
_aCuentos venezolanos _93815 |
|
| 650 | 4 |
_aLiteratura venezolana _93816 |
|
| 830 | 0 |
_aContinente. _95070 |
|
| 910 | _aCatalogación por copia / LC | ||
| 049 | _aNBNGR | ||
| 999 |
_c9379 _d9379 |
||